The Pussycat Dolls - toutes les chansons - Statistiques

Statistiques générales
  • Ce quiz a été pris 10 fois
  • Le résultat moyen est 11 sur 43
Statistiques - réponses
PCD (Album) Titres % Correct
5. Buttons
100%
1. Don't Cha
100%
4. Stickwitu
100%
12. Hush Hush
67%
2. (2009) Hush Hush; Hush Hush / I Will Survive Medley
67%
1. When I Grow Up
67%
2. Beep
33%
2. Bottle Pop
33%
7. (2026) Club Song
33%
12. Feelin' Good
33%
14. Flirt
33%
8. How Many Times, How Many Lies
33%
6. I Don't Need A Man
33%
4. I Hate This Part
33%
3. (2009) Jai Ho! (You Are My Destiny)
33%
4. (2009) Lights, Camera, Action
33%
21. Seulement dans Doll Domination - The Mini Collection Painted Windows
33%
19. (Deluxe Version) Played (Ashley Roberts)
33%
6. (2020) React
33%
1. Seulement dans Stickwitu Single (2005) Santa Baby
33%
17. (Deluxe Version) Space (Melody Thornton)
33%
13. Sway
33%
11. Tainted Love / Where Did Our Love Go
33%
5. (2009) Top Of The World
33%
3. Wait a Minute
33%
9. Bite The Dust
0%
18. (Deluxe Version) Don't Wanna Fall In Love (Kimberly Wyatt)
0%
11. Elevator
0%
9. Halo
0%
7. Happily Never After
0%
7. Hot Stuff (I Want You Back)
0%
16. (Deluxe Version) If I Was A Man (Jessica Sutta)
0%
15. I'm Done
0%
10. In Person
0%
13. Love The Way You Love Me
0%
8. Magic
0%
10. Right Now
0%
5. Takin' Over The World
0%
20. (Deluxe Version) Until U Love U (Nicole Scherzinger)
0%
15. (PCD Expanded Edition) We Went As Far As We Felt Like Going
0%
14. Whatchamacallit
0%
3. Whatcha Think About That
0%
6. Who's Gonna Love You
0%
Aucun quiz correspondant
Distribution des résultats
% des personnes avec chaque résultat
Percentile par nombre de réponses
Votre historique - résultats
Vous n’avez pas pris ce quiz